00437nam a2200181Ia 4500003000400000005001700004008004100021020002200062040000700084041000800091082002300099100002000122245003000142260003300172300001700205365001300222650002000235OSt20230503103533.0210423s2020 xx 000 0 und d a978-0-00-837605-5 cAL aeng a823.912 223bTOLH aTOLKIEN (J R R) aHobbit: lord of the rings aLondonbHarper Collinsc2020 axxii,314bPB b903cGBP aEnglish Fiction